| 000 | 01048nam a22002295a 4500 | ||
|---|---|---|---|
| 005 | 20161222110357.0 | ||
| 008 | 161222s2015 xx frd 000 0 mul d | ||
| 041 | 1 |
_aeng _aara |
|
| 082 | 0 | 4 |
_a345.03 _bSHA _222 |
| 100 | 1 | _aShams el Din, Ashraf. | |
| 245 | 1 | 0 |
_aCriminal law & criminal procedure : _bEnglish, Arabic legal terminology = القانون الجنائي والإجراءات الجنائية : مصطلحات قانونية باللغة الإنجليزية والعربية / |
| 246 | 3 | 1 | _aالقانون الجنائي والإجراءات الجنائية : مصطلحات قانونية باللغة الإنجليزية والعربية |
| 246 | 3 | 1 | _aCriminal law and criminal procedure : English, Arabic legal terminology |
| 260 |
_a[S. l. : _bS. n.], _c2015. |
||
| 300 |
_a171 p. ; _c24 cm. |
||
| 504 | _aIncludes bibliographical references. | ||
| 650 | 7 |
_aCriminal law _vDictionaries. _2BUEsh |
|
| 650 | 7 |
_aCriminal procedure _vDictionaries. _2BUEsh |
|
| 651 | _2BUEsh | ||
| 653 |
_bLLAAWW _cDecember2016 |
||
| 942 | _2ddc | ||
| 999 |
_c23700 _d23672 |
||